Trade and environment : a study of India's leather exports (Record no. 5877)

MARC details
000 -LEADER
fixed length control field 00592 a2200181 4500
001 - CONTROL NUMBER
control field 131384
003 - CONTROL NUMBER IDENTIFIER
control field OSt
005 - DATE AND TIME OF LATEST TRANSACTION
control field 20210913112731.0
008 - FIXED-LENGTH DATA ELEMENTS--GENERAL INFORMATION
fixed length control field
020 ## - INTERNATIONAL STANDARD BOOK NUMBER
International Standard Book Number 9780195683950
082 ## - DEWEY DECIMAL CLASSIFICATION NUMBER
Classification number 338.476751
Item number S58T
100 1# - MAIN ENTRY--PERSONAL NAME
Personal name Sankar, U
245 1# - TITLE STATEMENT
Title Trade and environment : a study of India's leather exports
Statement of responsibility, etc by U Sankar
260 ## - PUBLICATION, DISTRIBUTION, ETC. (IMPRINT)
Place of publication, distribution, etc New Delhi
Name of publisher, distributor, etc Oxford university press
Date of publication, distribution, etc 2007
300 ## - PHYSICAL DESCRIPTION
Extent 299p.
690 ## - LOCAL SUBJECT ADDED ENTRY--TOPICAL TERM (OCLC, RLIN)
Topical term or geographic name as entry element India; Leather industry and trade; Commercial policy; Environmental policy; Leather industry and trade--Environmental aspects
942 ## - ADDED ENTRY ELEMENTS (KOHA)
Source of classification or shelving scheme Dewey Decimal Classification
Koha item type Books
Holdings
Withdrawn status Lost status Source of classification or shelving scheme Damaged status Not for loan Collection code Home library Current library Date acquired Source of acquisition Cost, normal purchase price Full call number Barcode Date last seen Price effective from Koha item type
    Dewey Decimal Classification     General Text Book Central University Of Rajasthan Central University Of Rajasthan 08/06/2012 ECO 625.00 338.476751 S58T 7462 21/11/2024 02/09/2020 Books